Bolívar, Juárez y Guevara: apuntes sobre socialización e identidad = Bolívar, Juárez and Guevara: notes on socialization and identity /
A través de un análisis de las biografías de Bolivar, Juárez y Guevara, se discute la compleja relación entre socialización, identidad y cambio social, en los tiempos modernos. Tras un debate inicial sobre los usos y limitaciones del método biográfico, se busca comprender la vida de los tres persona...
Guardat en:
| Autor principal: | |
|---|---|
| Format: | Text |
| Matèries: | |
| Etiquetes: |
Afegir etiqueta
Sense etiquetes, Sigues el primer a etiquetar aquest registre!
|
MARC
| LEADER | 00000 a a2200000 04500 | ||
|---|---|---|---|
| 001 | 42769 | ||
| 003 | |||
| 040 | |||
| 100 | |a Silva-Abrantes, Pedro António Da | ||
| 245 | |a Bolívar, Juárez y Guevara: apuntes sobre socialización e identidad = |b Bolívar, Juárez and Guevara: notes on socialization and identity / |c Pedro António Da Silva-Abrantes | ||
| 500 | |a pedro.abrantes@iscte.pt | ||
| 520 | |a A través de un análisis de las biografías de Bolivar, Juárez y Guevara, se discute la compleja relación entre socialización, identidad y cambio social, en los tiempos modernos. Tras un debate inicial sobre los usos y limitaciones del método biográfico, se busca comprender la vida de los tres personajes históricos, utilizando y buscando explorar algunas teorías sociológicas recientes. | ||
| 590 | |a RRA/FEBRERO2012 | ||
| 650 | |a BIOGRAFIAS | ||
| 650 | |a ANALISIS SOCIOLOGICO | ||
| 650 | |a CAMBIO SOCIAL | ||
| 650 | |a EDUCACION | ||
| 773 | |g volumen18, número57 (2011), páginas 165-183 | ||
| 999 | |c 24630 |d 24630 | ||
